Guess the Cryptid Quiz - Statistics

General Stats
  • This quiz has been taken 488 times
  • The average score is 9 of 12
Answer Stats
Hint Answer % Correct
Changes into a hairy beast under the full moon Werewolf
98%
Sucks its victims blood for food Vampire
97%
A giant, winged, bug-like creature with glowing eyes from Point Pleasent, West Virginia Mothman
92%
A creature who sucks the blood from victims, usually goats Chupacabra
91%
A creature from a Scottish loch, nicknamed Nessie Loch Ness Monster
89%
A large, hairy ape-like creature Bigfoot
88%
A goat-like winged creature from New Jersey Jersey Devil
71%
A possessed human who commits canniblism in Native American cultures Wendigo
67%
A type of harmful witch in Navajo culture who has the ability to turn into an animal Skinwalker
57%
A giant worm monster from Asia Mongolian Death Worm
38%
An Australian hippo-like water monster Bunyip
31%
Water monster in Lake Okanagan, Canada Ogopogo
31%
No matching quizzes found
Score Distribution
Percent of People with Each Score
Percentile by Number Answered
Your Score History
You have not taken this quiz